Harian API mengganjang nekolim-PKI-Gestapu, (Record no. 89522)

MARC details
000 -LEADER
fixed length control field 00587cam a22002051 4500
001 - CONTROL NUMBER
control field sa 68020609
003 - CONTROL NUMBER IDENTIFIER
control field DLC
005 - DATE AND TIME OF LATEST TRANSACTION
control field 20260227112726.0
008 - FIXED-LENGTH DATA ELEMENTS--GENERAL INFORMATION
fixed length control field 761012s1965 io 000 0 ind
010 ## - LIBRARY OF CONGRESS CONTROL NUMBER
LC control number sa 68020609
035 ## - SYSTEM CONTROL NUMBER
System control number (OCoLC)2496886
040 ## - CATALOGING SOURCE
Original cataloging agency DLC
Transcribing agency OAU
Modifying agency DLC
042 ## - AUTHENTICATION CODE
Authentication code premarc
050 00 - LIBRARY OF CONGRESS CALL NUMBER
Classification number HX403.5
Item number .H37
245 00 - TITLE STATEMENT
Title Harian API mengganjang nekolim-PKI-Gestapu,
Statement of responsibility, etc. disusun oleh dewan redaksi API.
260 ## - PUBLICATION, DISTRIBUTION, ETC.
Place of publication, distribution, etc. Djakarta,
Name of publisher, distributor, etc. Merdeka Press
Date of publication, distribution, etc. [1965]
300 ## - PHYSICAL DESCRIPTION
Extent 81 p.
Other physical details illus.
Dimensions 20 cm.
650 #0 - SUBJECT ADDED ENTRY--TOPICAL TERM
Topical term or geographic name entry element Communism
Geographic subdivision Indonesia.
710 2# - ADDED ENTRY--CORPORATE NAME
Corporate name or jurisdiction name as entry element American Petroleum Institute.

No items available.

Powered by Koha